Oscar-várományos a kettéválasztott falu története

Bibliographic Details
Main Author: Vrabec, Mária, 1970- (Author, Interviewer)
Format: Article
Language:Hungarian
PhysicalDescription:Fotogr.
Subjects:

MARC

LEADER 00000nab a2200000 ar4500
001 vtls010206259
003 SK-MaSNL
005 20260318140159.0
008 110125c2011 xo |||||||| 000 b|hun
015 |a SNBRB2011/01  |2 snkbucl 
038 |a SNKBUCL 
040 |a DSZK  |b slo  |c DSZK  |e AACR2 
041 0 |a hun 
044 |a xo  |c SK 
080 |a 791.229.2  |x (437.6)  |2 2001 
100 1 |a Vrabec, Mária,  |d 1970-  |4 ivr  |4 aut  |9 102331 
245 1 0 |a Oscar-várományos a kettéválasztott falu története  |c Vrabec Mária 
300 |b Fotogr. 
600 1 7 |a Vojtek, Jaroslav,  |d 1968-  |2 snkbucl  |9 849745 
600 1 7 |a Tóth, Tibor,  |d 1966-  |2 snkbucl  |9 849988 
630 0 7 |a Hranica (film)  |2 snkbucl  |9 1036165 
650 0 7 |a dokumentaristika  |2 snkbucl  |9 71507 
651 7 |a Veľké Slemence (Slovensko)  |2 SNKPHgeo  |9 19745 
651 7 |a Solonci (Ukrajina)  |2 snkbucl  |9 862440 
773 0 |t Vasárnap  |g Évf. 44, sz. 1 (2011), o. 20-21 
852 |a SNK  |b KIS3GCP 
852 |a DSZK  |b KIS3GCP 
958 |a HU 
958 |a SK 
958 |a UA 
999 |c 1816521  |d 1818451